[Event "Gatineau Premiers Flocons"]
[Site "Gatineau"]
[Date "2018.11.27"]
[Round "2"]
[White "Arcand, Pierre"]
[Black "Ethier, Valori"]
[Result "1/2-1/2"]
[WhiteElo "1161"]
[BlackElo "1410"]
[PlyCount "120"]
[EventDate "2018.11.27"]
[EventType "swiss"]
[EventRounds "4"]
[EventCountry "CAN"]
[SourceTitle "EXT 2022"]
[Source "ChessBase"]
[SourceDate "2021.10.06"]
[SourceVersion "1"]
[SourceVersionDate "2021.10.06"]
[SourceQuality "1"]

1. e4 c6 2. Nf3 d5 3. e5 Bf5 4. d4 e6 5. Be2 c5 6. c3 Nd7 7. 0-0 Qc7 8. h3 h6 9. Bd3 Ne7 10. Bb5 c4 11. Qa4 a6 12. Bxd7+ Qxd7 13. Qxd7+ Kxd7 14. b3 b5 15. Ba3 Nc6 16. Bxf8 Rhxf8 17. Nbd2 a5 18. bxc4 bxc4 19. a4 Rfb8 20. Nb1 Rb2 21. Na3 Rab8 22. Nb5 Ke7 23. Rfd1 Bc2 24. Rd2 Rb1+ 25. Rxb1 Bxb1 26. Rb2 Bf5 27. Nh4 Bh7 28. Rd2 Bd3 29. f4 Rb7 30. Rf2 g6 31. g4 Kf8 32. f5 g5 33. Ng2 exf5 34. gxf5 Ne7 35. f6 Nc8 36. Ne3 Be4 37. Nf5 Bxf5 38. Rxf5 Nb6 39. Nd6 Rd7 40. Kh2 Nxa4 41. h4 Nxc3 42. hxg5 hxg5 43. Rxg5 Ne4 44. Rh5 Kg8 45. Nf5 c3 46. Ne7+ Rxe7 47. fxe7 Nf6 48. Rg5+ Kh7 49. Rg1 Ne8 50. Rc1 f6 51. exf6 Nxf6 52. Rxc3 Kg7 53. Rc5 Kf7 54. Rxa5 Kxe7 55. Kg2 Ng4 56. Ra6 Ne3+ 57. Kf3 Nf5 58. Kf4 Nxd4 59. Ke5 Nb5 60. Re6+ Kd7 1/2-1/2

[Event "Gatineau Rentree Hull U1500"]
[Site "Gatineau"]
[Date "2018.09.11"]
[Round "1"]
[White "Sabourin, Yves"]
[Black "Ethier, Valori"]
[Result "0-1"]
[WhiteElo "1498"]
[BlackElo "1364"]
[PlyCount "46"]
[EventDate "2018.09.11"]
[EventType "swiss"]
[EventRounds "5"]
[EventCountry "CAN"]
[SourceTitle "EXT 2022"]
[Source "ChessBase"]
[SourceDate "2021.10.06"]
[SourceVersion "1"]
[SourceVersionDate "2021.10.06"]
[SourceQuality "1"]

1. e4 c6 2. d4 d5 3. e5 Bf5 4. Nf3 e6 5. g3 c5 6. Bg2 cxd4 7. Nxd4 Ne7 8. 0-0 Nbc6 9. Nxf5 Nxf5 10. Nd2 Nxe5 11. f4 Bc5+ 12. Kh1 Ne3 13. Qe2 Nxf1 14. fxe5 Nxd2 15. Qb5+ Qd7 16. Qxc5 Nc4 17. Bf4 Nxb2 18. Bf1 Na4 19. Qb4 a6 20. Rd1 Qc6 21. Bg5 Nc5 22. Qg4 Ne4 23. c4 Nf2+ 0-1

[Event "Outaouais-ch Reserve"]
[Site "Gatineau"]
[Date "2017.04.18"]
[Round "1"]
[White "Solunac, Stephen"]
[Black "Ethier, Valori"]
[Result "1-0"]
[WhiteElo "1748"]
[BlackElo "1373"]
[PlyCount "59"]
[EventDate "2017.04.18"]
[EventType "swiss"]
[EventRounds "7"]
[EventCountry "CAN"]
[SourceTitle "EXT 2022"]
[Source "ChessBase"]
[SourceDate "2021.10.06"]
[SourceVersion "1"]
[SourceVersionDate "2021.10.06"]
[SourceQuality "1"]

1. Nf3 Nf6 2. g3 d5 3. Bg2 c6 4. 0-0 Bf5 5. d3 Nbd7 6. Nbd2 e6 7. Re1 Bc5 8. e4 dxe4 9. dxe4 Bg6 10. Nh4 Qb6 11. Qe2 Ng4 12. Rf1 Bxf2+ 13. Rxf2 Nxf2 14. Qxf2 Qxf2+ 15. Kxf2 0-0-0 16. Nc4 Nf6 17. Nxg6 hxg6 18. h3 Rd1 19. Ke2 Rhd8 20. Ne3 R1d7 21. b3 Rd4 22. e5 Ne4 23. Bxe4 Rxe4 24. Bb2 Rb4 25. a3 Rb5 26. Nc4 Kd7 27. Nd6 Rc5 28. c4 Kc7 29. b4 Rxd6 30. exd6+ 1-0

[Event "Outaouais-ch reserve"]
[Site "Gatineau"]
[Date "2016.05.17"]
[Round "6"]
[White "Piche, Guy"]
[Black "Ethier, Valori"]
[Result "1-0"]
[WhiteElo "1695"]
[BlackElo "1363"]
[PlyCount "53"]
[EventDate "2016.04.12"]
[EventType "tourn"]
[EventRounds "7"]
[EventCountry "CAN"]
[SourceTitle "EXT 2022"]
[Source "ChessBase"]
[SourceDate "2021.10.06"]
[SourceVersion "1"]
[SourceVersionDate "2021.10.06"]
[SourceQuality "1"]

1. f4 e5 2. fxe5 d6 3. exd6 Bxd6 4. Nf3 Nf6 5. g3 Ng4 6. Bg2 Nxh2 7. Nxh2 Bxg3+ 8. Kf1 Qh4 9. Nf3 Qf6 10. Nc3 Bg4 11. Ne4 Qf4 12. d3 Qf5 13. Nxg3 Qf6 14. e4 h6 15. Nh5 Bxh5 16. Rxh5 Nc6 17. Kg1 0-0-0 18. Rf5 Qe7 19. Rh5 Kb8 20. Be3 Rd6 21. Bc5 Qf6 22. Bxd6 Qxd6 23. c3 Rd8 24. Rd5 Qg3 25. Rxd8+ Nxd8 26. Qe1 Ne6 27. Qxg3 1-0

[Event "Outaouais-ch reserve"]
[Site "Gatineau"]
[Date "2016.04.12"]
[Round "1"]
[White "Jobin, Gilles G"]
[Black "Ethier, Valori"]
[Result "1-0"]
[WhiteElo "1773"]
[BlackElo "1363"]
[PlyCount "89"]
[EventDate "2016.04.12"]
[EventType "tourn"]
[EventRounds "7"]
[EventCountry "CAN"]
[SourceTitle "EXT 2022"]
[Source "ChessBase"]
[SourceDate "2021.10.06"]
[SourceVersion "1"]
[SourceVersionDate "2021.10.06"]
[SourceQuality "1"]

1. e4 c6 2. d3 d5 3. Nd2 dxe4 4. dxe4 Nf6 5. Ngf3 Bg4 6. Be2 e6 7. 0-0 Be7 8. Ne5 Bxe2 9. Qxe2 Nbd7 10. Nxd7 Qxd7 11. Nf3 Qc7 12. Bg5 0-0 13. e5 Nd5 14. c4 Bxg5 15. cxd5 Bh6 16. d6 Qa5 17. Rfd1 Rad8 18. Qc4 Rd7 19. Rd3 a6 20. b4 Qb6 21. a4 Rc8 22. Qc5 Qd8 23. a5 Qf8 24. Qc4 Qd8 25. Re1 Rb8 26. g4 Rc8 27. h4 g6 28. g5 Bg7 29. Qf4 Qf8 30. Nh2 h5 31. Nf3 c5 32. Nd2 cxb4 33. Qxb4 Rc2 34. Nc4 Qa8 35. Nb6 Qa7 36. Qa4 Bxe5 37. Qxc2 Rxd6 38. Rxe5 Rc6 39. Rc5 Qb8 40. Rxc6 bxc6 41. Qxc6 Qe5 42. Qe8+ Kg7 43. Rf3 Qe1+ 44. Kg2 Qe4 45. Qxf7+ 1-0

[Event "SB-2014-0-00390"]
[Site "LSS email"]
[Date "2014.10.31"]
[Round "?"]
[White "Ethier, Valori"]
[Black "Michos, Dionysis"]
[Result "0-1"]
[WhiteElo "1884"]
[BlackElo "1858"]
[PlyCount "46"]
[EventDate "2014.09.24"]
[EventType "tourn (corr)"]
[EventRounds "6"]
[EventCountry "GER"]
[SourceTitle "Corr 2022"]
[Source "ChessBase"]
[SourceDate "2021.10.24"]
[SourceVersion "1"]
[SourceVersionDate "2021.10.24"]
[SourceQuality "1"]

1. d4 g6 2. e4 Bg7 3. Nc3 d6 4. Be3 a6 5. Qd2 b5 6. Nf3 Bb7 7. Bd3 Nd7 8. 0-0 c5 9. Rfe1 cxd4 10. Bxd4 Bxd4 11. Nxd4 Ngf6 12. b4 0-0 13. a4 Qb6 14. Nf3 Ne5 15. Nxe5 dxe5 16. h3 Bc6 17. axb5 axb5 18. Rxa8 Rxa8 19. Qe3 Qd4 20. Qxd4 exd4 21. Bxb5 Rc8 22. e5 Bxb5 23. Nxb5 Nd5 0-1

[Event "SB-2014-0-00390"]
[Site "LSS email"]
[Date "2014.10.30"]
[Round "?"]
[White "Habes, Jiri"]
[Black "Ethier, Valori"]
[Result "1/2-1/2"]
[WhiteElo "1760"]
[BlackElo "1884"]
[PlyCount "59"]
[EventDate "2014.09.24"]
[EventType "tourn (corr)"]
[EventRounds "6"]
[EventCountry "GER"]
[SourceTitle "Corr 2022"]
[Source "ChessBase"]
[SourceDate "2021.10.24"]
[SourceVersion "1"]
[SourceVersionDate "2021.10.24"]
[SourceQuality "1"]

1. d4 d5 2. c4 c6 3. Nc3 e5 4. dxe5 d4 5. Ne4 Qa5+ 6. Bd2 Qxe5 7. Ng3 Nf6 8. Nf3 Qd6 9. Qb3 Be7 10. 0-0-0 c5 11. e3 Ng4 12. Bd3 Nxf2 13. Ne4 Nxd3+ 14. Qxd3 Qg6 15. exd4 cxd4 16. Ne5 Qb6 17. c5 Qe6 18. Qxd4 0-0 19. Rhe1 Qxa2 20. Bc3 f6 21. Nc4 Kh8 22. Qd5 Nc6 23. Ned6 Bg4 24. Rd3 Bxd6 25. Nxd6 Qxd5 26. Rxd5 Rab8 27. h3 Bd7 28. Rd2 b6 29. b4 bxc5 30. bxc5 1/2-1/2

[Event "SB-2014-0-00389"]
[Site "LSS email"]
[Date "2014.10.14"]
[Round "?"]
[White "Ethier, Valori"]
[Black "Castilla Sanchez, Luis Mario"]
[Result "0-1"]
[WhiteElo "1884"]
[BlackElo "1891"]
[PlyCount "48"]
[EventDate "2014.09.20"]
[EventType "tourn (corr)"]
[EventRounds "6"]
[EventCountry "GER"]
[SourceTitle "Corr 2022"]
[Source "ChessBase"]
[SourceDate "2021.10.24"]
[SourceVersion "1"]
[SourceVersionDate "2021.10.24"]
[SourceQuality "1"]

1. d4 Nf6 2. Bg5 Ne4 3. Bf4 c5 4. Nd2 Nxd2 5. Qxd2 cxd4 6. Qxd4 Nc6 7. Qd5 e6 8. Qb3 Be7 9. e4 e5 10. Be3 d6 11. Bc4 0-0 12. Bd5 Na5 13. Qd3 Be6 14. c4 Nc6 15. Qd2 Qd7 16. Ne2 Kh8 17. 0-0 f5 18. exf5 Rxf5 19. Bxe6 Qxe6 20. b3 Raf8 21. Rad1 Qg6 22. Qd3 Qg4 23. h3 Qh4 24. Ng3 R5f6 0-1

[Event "SB-2014-0-00389"]
[Site "LSS email"]
[Date "2014.10.14"]
[Round "?"]
[White "Vysotskiy, Evgeniy"]
[Black "Ethier, Valori"]
[Result "1-0"]
[WhiteElo "1925"]
[BlackElo "1884"]
[PlyCount "37"]
[EventDate "2014.09.20"]
[EventType "tourn (corr)"]
[EventRounds "6"]
[EventCountry "GER"]
[SourceTitle "Corr 2022"]
[Source "ChessBase"]
[SourceDate "2021.10.24"]
[SourceVersion "1"]
[SourceVersionDate "2021.10.24"]
[SourceQuality "1"]

1. d4 d5 2. c4 c6 3. e3 Nf6 4. Nc3 Bf5 5. Nf3 e6 6. Nh4 Bg4 7. Qb3 b6 8. h3 Bh5 9. g4 Ne4 10. cxd5 Nxf2 11. Rh2 Ne4 12. Nf3 Nxc3 13. Qxc3 Bd6 14. gxh5 Bxh2 15. Nxh2 Qh4+ 16. Ke2 Qxh5+ 17. Nf3 exd5 18. Qa3 Nd7 19. Bd2 1-0